000 00983nam a22003017i 4500
003 EG-ScBUE
005 20230308035933.0
008 200219t2022 ii a f 001 0 eng d
020 _a9789354659393
040 _aEG-ScBUE
_beng
_erda
_cEG-ScBUE
_dEG-ScBUE
082 0 4 _222
_a610.73
_bCLE
100 1 _aClement, I,
_eauthor.
245 1 0 _aInternship textbook for nursing for general nursing and midwifery :
_bas per the INC syllabus for GNM /
_cI Clement.
250 _aThird edition.
264 1 _aNew Delhi ;
_aLondon :
_bJaypee Brothers Medical Publishers,
_c[2022]
264 4 _cc2022
300 _axvii, 506 pages :
_billustrations ;
_c24 cm
336 _2rdacontent
_atext
_btxt
337 _2rdamedia
_aunmediated
_bn
338 _2rdacarrier
_avolume
_bnc
500 _aIncludes index.
650 7 _aNursing
_xResearch.
_2BUEsh
650 7 _aMidwifery.
_2BUEsh
653 _bNNUR
_cMarch2023
655 _vReading book
942 _2ddc
_cBB
999 _c30234
_d30205